000 00737nam a2200241 c 4500
001 000009030
003 OSt
005 20200929161451.0
008 810205s1967 ck 000 0 spa
040 _aDO-SdBNP
_bspa
_cBNPHU
082 _aC863.44
_bM722e
100 1 _aMolina Uribe, Antonio.
_923670
245 1 1 _a!A echar cuentos, pues...! :
_bconsejas y leyendas del mito campesino /
_cAntonio Molina Uribe.
260 _aMedellĂ­n :
_bBedout,
_c1967.
300 _a226 p. ;
_c19 cm.
490 1 _aBolsilibros Bedout
_v21
590 _aInventariado, 2020/ YL
650 4 _aCuentos colombianos
_921475
650 4 _aLiteratura colombiana
_91244
830 _aBolsilibros Bedout
_n21
_976694
910 _aEn proceso
942 _2ddc
_cLF1
999 _c8794
_d8794